00996nam a2200157 a 4500008004100000020001600041041000800057100001600065245002500081250004600106260003500152300001100187500006200198505056700260655001100827180524t2002 ag ||||g |||| 000 f spa d a950041807-X aspa1 aCook, Robin aFiebre /cRobin Cook a1a ed.bTraducción Rolando Costa Picazo aBuenos Aires:bEmecé,c2002. a384 p. aCook, R. (2002). Fiebre. (1a ed.). Buenos Aires : Booket. aEl cáncer parece una pesadilla inexorable en la vida del doctor Martel. El terrible mal se abate una y otra vez sobre su familia, hasta que se apodera también de su hija de doce años de edad. Cuando el revolucionario proyecto de curación que investiga es cancelado, Martel se propone salvar la vida de su hija a pesar de todo. La febril investigación lo enfrenta con los intereses de la industria, cuyas drogas y terapias son, a su juicio, inútiles y perjudiciales. Una vasta y misteriosa conspiración pone, finalmente, en peligro su propia vida.  aNovela